Teacher Education in the 21st Century/ (Record no. 192253)
[ view plain ]
| 000 -LEADER | |
|---|---|
| fixed length control field | 00829nam a22002177a 4500 |
| 005 - DATE AND TIME OF LATEST TRANSACTION | |
| control field | 20220919122949.0 |
| 010 ## - LCCN (DPL NO) | |
| LC control number | B-745528 |
| 020 ## - INTERNATIONAL STANDARD BOOK NUMBER | |
| International Standard Book Number | 9789352807307 |
| Terms of availability | 350.00 |
| 035 ## - SYSTEM CONTROL NUMBER | |
| System control number | B-745528 |
| 037 ## - SOURCE OF ACQUISITION | |
| Source of stock number/acquisition | Sage Publication India Pvt Ltd |
| 245 ## - TITLE STATEMENT | |
| Title | Teacher Education in the 21st Century/ |
| Statement of responsibility, etc | edited by Rashmi Kumar, Subhash Chander and Bharti |
| 246 ## - VARYING FORM OF TITLE | |
| Title proper/short title | Subhash Chander |
| Remainder of title | Bharti |
| 260 ## - PUBLICATION, DISTRIBUTION, ETC. (IMPRINT) | |
| Place of publication, distribution, etc | New Delhi |
| Name of publisher, distributor, etc | Sage Publications India Pvt Ltd |
| Date of publication, distribution, etc | 2018 |
| 270 ## - ADDRESS | |
| Address | B1/I-1 Mohan Cooperative Industrial Area Mathura Road, |
| City | New Delhi |
| Postal code | 110044 |
| Electronic mail address | www.sagepub.in |
| 300 ## - PHYSICAL DESCRIPTION | |
| Extent | 229p |
| Dimensions | 24cm.(pbk) |
| 505 ## - FORMATTED CONTENTS NOTE | |
| Formatted contents note | |
| 700 ## - ADDED ENTRY--PERSONAL NAME | |
| Personal name | Chander, Subhash |
| 700 ## - ADDED ENTRY--PERSONAL NAME | |
| Personal name | Bharti |
| 942 ## - ADDED ENTRY ELEMENTS (KOHA) | |
| Source of classification or shelving scheme | Dewey Decimal Classification |
| Item type | English Books |
| Call number suffix | TEA |
| Classification part | 370.71 |
| Withdrawn status | Lost status | Not for loan | Collection code | Home library | Current library | Date acquired | Source of acquisition | Cost, normal purchase price | Full call number | Barcode | Copy number | Cost, replacement price | Koha item type | Public note |
|---|---|---|---|---|---|---|---|---|---|---|---|---|---|---|
| Non-fiction | Kadipur | Kadipur | 19/09/2022 | 5.9.22/Gift | 350.00 | 370.71 TEA | B-745528 | 1 | 350.00 | English Books | Gift |
